Language Quiz

Random Language Quiz

Portuguese: family members Quiz Stats

 Plays Quiz not verified by Sporcle

Score 0/30 Timer 10:00
0 Plays Today
Hint Answer % Correct
FamilyFamília
98.4%
MotherMãe
91.8%
FatherPai
91.8%
SonFilho
90.2%
DaughterFilha
90.2%
UncleTio
88.5%
BrotherIrmão
86.9%
SisterIrmã
86.9%
AuntTia
86.9%
Dad, daddyPai/Papai
85.2%
Mom, mommyMãe/Mamãe
83.6%
WifeMulher/esposa
83.6%
Cousin (male)Primo
82%
Cousin (female)Prima
82%
HusbandMarido/esposo
82%
Hint Answer % Correct
GrandmotherAvó
80.3%
GrandfatherAvô
77%
GrandparentsAvós
73.8%
ParentsPais/Pai e mãe
72.1%
GranddaughterNeta
63.9%
GrandsonNeto
63.9%
RelativeParente
62.3%
ChildrenFilhos
62.3%
GrandchildrenNetos
59%
GrandpaVô/vovô
52.5%
Father-in-lawSogro
52.5%
Mother-in-lawSogra
52.5%
GrandmaVó/vovó
45.9%
Son-in-lawGenro
41%
Daughter-in-lawNora
37.7%

You're not logged in!

Compare scores with friends on all Sporcle quizzes.
OR
Log In

Sporcle TV

Today on Sporcle TV


Watch our educational content, quiz creation guides, and fun videos on Sporcle TV.

Show Comments

Extras

Created Jan 3, 2015ReportNominate
Tags:Family, portuguese

Top Quizzes Today


Score Distribution

Your Account Isn't Verified!

In order to create a playlist on Sporcle, you need to verify the email address you used during registration. Go to your Sporcle Settings to finish the process.

Report this User

Report this user for behavior that violates our Community Guidelines.

Details: